[Event "Split op 12th"]
[Site "Split"]
[Date "2023.08.13"]
[Round "9"]
[White "Lafortune, Emerick"]
[Black "Zadro, Matej"]
[Result "1-0"]
[WhiteElo "2117"]
[BlackElo "1905"]
[PlyCount "90"]
[EventDate "2023.08.05"]
[EventType "swiss"]
[EventRounds "9"]
[EventCountry "CRO"]
[SourceTitle "CBM 215 Extra"]
[Source "ChessBase"]
[SourceDate "2023.09.30"]
[SourceVersion "1"]
[SourceVersionDate "2023.09.30"]
[SourceQuality "1"]

1. d4 d5 2. c4 e6 3. Nc3 c5 4. cxd5 exd5 5. Nf3 Nc6 6. g3 Nf6 7. Bg2 c4 8. Ne5 Be7 9. Nxc6 bxc6 10. e4 0-0 11. 0-0 Rb8 12. e5 Ne8 13. f4 Bf5 14. Rf2 f6 15. Be3 Qb6 16. Bf1 fxe5 17. fxe5 Nc7 18. Qh5 Bg6 19. Rxf8+ Bxf8 20. Qg4 Qxb2 21. Rc1 Bb4 22. Nd1 Qxa2 23. Qd7 Ba5 24. Qxc6 Rb1 25. Nc3 Qa3 26. Rxb1 Bxb1 27. Nxd5 Be4 28. Ne7+ Qxe7 29. Bxc4+ Kh8 30. Qxe4 Qb4 31. Bd3 g6 32. d5 Nxd5 33. Qxd5 Qe1+ 34. Kg2 Qxe3 35. e6 Bb4 36. Qd7 Bc5 37. Qd8+ Kg7 38. Qd7+ Kh6 39. Kh3 Kg5 40. Qd8+ Kh6 41. Qd7 Qg5 42. Qc6 Qe7 43. Qe4 Kg7 44. Qe5+ Kg8 45. Bc4 Qd6 1-0

[Event "Paris-ch IdF"]
[Site "Paris"]
[Date "2022.07.14"]
[Round "4"]
[White "Robert, Mathias"]
[Black "Lafortune, Emerick"]
[Result "1-0"]
[WhiteElo "2243"]
[BlackElo "2270"]
[PlyCount "127"]
[EventDate "2022.07.12"]
[EventType "swiss"]
[EventRounds "9"]
[EventCountry "FRA"]
[SourceTitle "CBM 209 Extra"]
[Source "ChessBase"]
[SourceDate "2022.09.30"]
[SourceVersion "1"]
[SourceVersionDate "2022.09.30"]
[SourceQuality "1"]

1. e4 c5 2. Nf3 e6 3. d4 cxd4 4. Nxd4 Nc6 5. Nc3 Qc7 6. g3 a6 7. Nxc6 dxc6 8. Be3 Nf6 9. Bg2 e5 10. h3 Be7 11. 0-0 0-0 12. f4 Be6 13. Qe2 b5 14. Qf2 Ne8 15. f5 Bc4 16. Rfd1 f6 17. g4 Bf7 18. Bb6 Qb7 19. a4 Nd6 20. b3 b4 21. Ne2 Nc8 22. Bc5 Bxc5 23. Qxc5 Qa7 24. Qxa7 Nxa7 25. Rd6 Rfc8 26. Rad1 c5 27. Rxa6 c4 28. Rd7 cxb3 29. cxb3 Nc6 30. Rc7 Be8 31. Rxa8 Rxa8 32. Bf1 Na5 33. Nc1 Bf7 34. Bb5 h5 35. Nd3 hxg4 36. hxg4 Rd8 37. Nxb4 Rd4 38. Nc6 Nxc6 39. Bxc6 Bxb3 40. a5 Rd1+ 41. Kf2 Ra1 42. Ra7 Bc4 43. Bd5+ Bxd5 44. exd5 Rd1 45. Rd7 Ra1 46. Ra7 Rd1 47. a6 Rxd5 48. Rb7 Ra5 49. a7 Kh7 50. g5 fxg5 51. f6 Ra2+ 52. Kf3 Ra3+ 53. Ke4 Ra4+ 54. Kxe5 Ra5+ 55. Kd4 Ra4+ 56. Kc5 g4 57. f7 g3 58. f8Q Ra5+ 59. Kb4 Rg5 60. a8Q g2 61. Qh8+ Kg6 62. Qae8+ Kf5 63. Rf7+ Kg4 64. Qe3 1-0

[Event "FRA-ch U18"]
[Site "Belfort"]
[Date "2017.04.23"]
[Round "9.3"]
[White "Lafortune, Emerick"]
[Black "Meunier, Clement1111"]
[Result "0-1"]
[WhiteElo "2111"]
[BlackElo "2240"]
[PlyCount "64"]
[EventDate "2017.04.16"]
[EventType "swiss"]
[EventRounds "9"]
[EventCountry "FRA"]
[SourceTitle "EXT 2019"]
[Source "ChessBase"]
[SourceDate "2018.10.10"]
[SourceVersion "1"]
[SourceVersionDate "2018.10.10"]
[SourceQuality "1"]

1. d4 f5 2. Nf3 Nf6 3. g3 e6 4. Bg2 c6 5. c4 d5 6. 0-0 Bd6 7. Bf4 Bxf4 8. gxf4 0-0 9. Ne5 Bd7 10. Qb3 b6 11. c5 Na6 12. Qa3 Nc7 13. Nd2 Be8 14. Rfc1 Ne4 15. Nxe4 fxe4 16. e3 b5 17. Qa5 Kh8 18. Rf1 Rc8 19. Qxa7 g5 20. f3 gxf4 21. fxe4 dxe4 22. Bxe4 Bh5 23. Qa3 Qg5+ 24. Kh1 fxe3 25. Qd3 Nd5 26. Rg1 Qh6 27. Rae1 e2 28. Bxd5 exd5 29. h3 Rce8 30. Ng4 Bxg4 31. Rxg4 Re3 32. Rg3 Rxd3 0-1

[Event "Martinique-ch"]
[Site "Madiana"]
[Date "2016.05.08"]
[Round "4"]
[White "Lafortune, Emerick"]
[Black "Lebon, Nicolas"]
[Result "1-0"]
[WhiteElo "1956"]
[BlackElo "1874"]
[PlyCount "59"]
[EventDate "2016.05.05"]
[EventType "tourn"]
[EventRounds "11"]
[EventCountry "MFR"]
[SourceTitle "EXT 2019"]
[Source "ChessBase"]
[SourceDate "2018.10.10"]
[SourceVersion "1"]
[SourceVersionDate "2018.10.10"]
[SourceQuality "1"]

1. Nf3 Nf6 2. c4 b6 3. g3 Bb7 4. Bg2 e6 5. 0-0 Be7 6. b3 0-0 7. Bb2 c5 8. Nc3 d5 9. e3 Nc6 10. d3 a6 11. a3 d4 12. exd4 Nxd4 13. Nxd4 Bxg2 14. Nxe6 Qc8 15. Kxg2 Qxe6 16. Qf3 Qd7 17. Rfe1 h6 18. Rad1 Nh7 19. Nd5 Bd6 20. Nxb6 Qd8 21. Nxa8 Ng5 22. Qd5 Qd7 23. f4 Qh3+ 24. Kh1 Bxf4 25. gxf4 Nf3 26. Re2 Kh7 27. Rf2 Nh4 28. Rg1 f6 29. Qb7 Nf5 30. Rfg2 1-0

[Event "Martinique-ch"]
[Site "Madiana"]
[Date "2016.05.07"]
[Round "3"]
[White "Suez Panama, Gilles"]
[Black "Lafortune, Emerick"]
[Result "1-0"]
[WhiteElo "2022"]
[BlackElo "1956"]
[PlyCount "62"]
[EventDate "2016.05.05"]
[EventType "tourn"]
[EventRounds "11"]
[EventCountry "MFR"]
[SourceTitle "EXT 2019"]
[Source "ChessBase"]
[SourceDate "2018.10.10"]
[SourceVersion "1"]
[SourceVersionDate "2018.10.10"]
[SourceQuality "1"]

1. b3 e5 2. Bb2 d6 3. e3 Nf6 4. c4 g6 5. d3 Bg7 6. Nc3 Nc6 7. a3 d5 8. cxd5 Nxd5 9. Qc2 0-0 10. Nf3 Be6 11. Ne4 Bc8 12. Be2 f5 13. Nc5 b6 14. Ne6 Bxe6 15. Qxc6 Qd6 16. Qc2 c5 17. Ng5 Bd7 18. Bf3 Bc6 19. h4 h6 20. Nh3 Rad8 21. e4 Nc7 22. Qc4+ Ne6 23. exf5 Bxf3 24. Qxe6+ Qxe6 25. fxe6 Bxg2 26. Rg1 Rxd3 27. Rxg2 Rxh3 28. 0-0-0 g5 29. hxg5 hxg5 30. Rxg5 Kh8 31. e7 Re8 1-0

[Event "Gibraltar Masters 14th"]
[Site "Caleta"]
[Date "2016.02.04"]
[Round "10"]
[White "Lafortune, Emerick"]
[Black "Kalthoff, Peter"]
[Result "1-0"]
[WhiteElo "1923"]
[BlackElo "2132"]
[PlyCount "67"]
[EventDate "2016.01.26"]
[EventType "swiss"]
[EventRounds "10"]
[EventCountry "GGB"]
[SourceTitle "CBM 171"]
[Source "ChessBase"]
[SourceDate "2016.03.14"]
[SourceVersion "2"]
[SourceVersionDate "2016.03.14"]
[SourceQuality "1"]

1. e4 d5 2. exd5 Nf6 3. d4 Bg4 4. f3 Bf5 5. Bb5+ Nbd7 6. c4 e6 7. dxe6 fxe6 8. Ne2 c6 9. Ba4 e5 10. 0-0 Qc7 11. f4 exd4 12. Nxd4 Bc5 13. Kh1 Bg4 14. Re1+ Kf7 15. Nf3 Rhe8 16. Nc3 Rxe1+ 17. Qxe1 Re8 18. Qg3 Bxf3 19. gxf3 Bd6 20. Bc2 Nc5 21. Qh4 Ne6 22. f5 Nd4 23. Qxd4 Bxh2 24. Bg5 Qg3 25. Bxf6 gxf6 26. Qg4 Re1+ 27. Rxe1 Qxe1+ 28. Kxh2 Qf2+ 29. Qg2 Qh4+ 30. Kg1 Qe1+ 31. Qf1 Qg3+ 32. Kh1 Qh4+ 33. Kg2 Qg5+ 34. Kf2 1-0

[Event "Gibraltar Masters 14th"]
[Site "Caleta"]
[Date "2016.01.31"]
[Round "6"]
[White "Carlsten, Peter"]
[Black "Lafortune, Emerick"]
[Result "1/2-1/2"]
[WhiteElo "2074"]
[BlackElo "1923"]
[PlyCount "96"]
[EventDate "2016.01.26"]
[EventType "swiss"]
[EventRounds "10"]
[EventCountry "GGB"]
[SourceTitle "CBM 171"]
[Source "ChessBase"]
[SourceDate "2016.03.14"]
[SourceVersion "2"]
[SourceVersionDate "2016.03.14"]
[SourceQuality "1"]

1. e4 e5 2. d4 exd4 3. Qxd4 Nc6 4. Qe3 g6 5. Nc3 Bg7 6. Bd2 d6 7. 0-0-0 Nf6 8. Bc4 0-0 9. f3 a6 10. g4 b5 11. Bb3 Na5 12. g5 Nxb3+ 13. axb3 Nd7 14. h4 c5 15. Nge2 c4 16. bxc4 Nb6 17. b3 bxc4 18. b4 Rb8 19. Nf4 Bd7 20. Nfd5 Be6 21. Be1 Bxd5 22. Nxd5 Nxd5 23. Rxd5 Rb5 24. Rxb5 axb5 25. Bc3 f6 26. Qd4 Qe7 27. Qd5+ Qf7 28. Qxb5 fxg5 29. Bxg7 Kxg7 30. hxg5 Qxf3 31. Qd7+ Rf7 32. Qh3 Qf4+ 33. Kb1 Qxg5 34. Qxh7+ Kf8 35. Qh6+ Qxh6 36. Rxh6 Rg7 37. Kb2 Ke7 38. Kc3 g5 39. Rh3 g4 40. Rg3 Ke6 41. Kd4 Rg5 42. c3 Rg6 43. b5 Rg8 44. b6 Kd7 45. Kxc4 Kc6 46. Kd4 Kxb6 47. Kd5 Rg6 48. c4 Kc7 1/2-1/2

[Event "Gibraltar Challengers-A 14th"]
[Site "Caleta"]
[Date "2016.01.27"]
[Round "3"]
[White "Lafortune, Emerick"]
[Black "Saber, Yasser"]
[Result "1-0"]
[WhiteElo "1923"]
[BlackElo "2230"]
[PlyCount "71"]
[EventDate "2016.01.25"]
[EventType "swiss"]
[EventRounds "5"]
[EventCountry "GGB"]
[SourceTitle "CBM 170 Extra"]
[Source "ChessBase"]
[SourceDate "2016.02.25"]
[SourceVersion "1"]
[SourceVersionDate "2016.02.25"]
[SourceQuality "1"]

1. Nf3 g6 2. d4 Bg7 3. g3 f5 4. Bg2 d6 5. c4 Nf6 6. Nc3 0-0 7. 0-0 Nc6 8. d5 Ne5 9. Nxe5 dxe5 10. b4 e4 11. Bb2 e6 12. Qb3 exd5 13. cxd5 Qe8 14. Qc4 Qf7 15. f3 Nxd5 16. Qxd5 Qxd5 17. Nxd5 Bxb2 18. Rab1 Bd4+ 19. Kh1 exf3 20. Bxf3 Rf7 21. Rfd1 Be5 22. b5 Be6 23. a4 Rb8 24. Nf4 Bxf4 25. gxf4 Kf8 26. Rd3 Rd7 27. Rc1 Ke7 28. Re3 b6 29. Rc6 Rd6 30. Rxc7+ Kf6 31. Rxa7 h6 32. a5 bxa5 33. Rxa5 g5 34. fxg5+ hxg5 35. Rc3 g4 36. Bc6 1-0

[Event "Martinique-ch 31th"]
[Site "Madiana"]
[Date "2015.05.16"]
[Round "7"]
[White "Lafortune, Emerick"]
[Black "Medeuf, Jonhel"]
[Result "1-0"]
[WhiteElo "2032"]
[BlackElo "1844"]
[PlyCount "79"]
[EventDate "2015.05.16"]
[EventType "tourn"]
[EventRounds "11"]
[EventCountry "FRA"]
[SourceTitle "EXT 2016"]
[Source "ChessBase"]
[SourceDate "2015.10.08"]
[SourceVersion "1"]
[SourceVersionDate "2015.10.08"]
[SourceQuality "1"]

1. Nf3 Nf6 2. c4 c6 3. b3 d5 4. Bb2 e6 5. g3 Nbd7 6. Bg2 Bd6 7. 0-0 0-0 8. Nc3 Qe7 9. d4 b6 10. Nd2 Bb7 11. e4 dxe4 12. Ndxe4 Ba3 13. Bxa3 Qxa3 14. Qe2 Qe7 15. Rfd1 Rae8 16. Rac1 Nxe4 17. Bxe4 Nf6 18. c5 bxc5 19. dxc5 Nd5 20. Bg2 Nxc3 21. Rxc3 Rd8 22. Rcd3 Rxd3 23. Qxd3 Qxc5 24. Qd7 Rb8 25. Qc7 Qf8 26. Rd7 Ba6 27. Rxf7 Qxf7 28. Qxb8+ Qf8 29. Qxa7 Qc8 30. Bh3 Bd3 31. Qd4 Bf5 32. Bg2 c5 33. Qc4 Qf8 34. a4 Qd6 35. a5 Qd1+ 36. Bf1 Qd5 37. a6 Be4 38. Qxd5 exd5 39. a7 d4 40. Bg2 1-0

[Event "Martinique-ch 31th"]
[Site "Madiana"]
[Date "2015.05.16"]
[Round "4"]
[White "Suez Panama, Gilles"]
[Black "Lafortune, Emerick"]
[Result "0-1"]
[WhiteElo "2038"]
[BlackElo "2032"]
[PlyCount "62"]
[EventDate "2015.05.16"]
[EventType "tourn"]
[EventRounds "11"]
[EventCountry "FRA"]
[SourceTitle "EXT 2016"]
[Source "ChessBase"]
[SourceDate "2015.10.08"]
[SourceVersion "1"]
[SourceVersionDate "2015.10.08"]
[SourceQuality "1"]

1. d4 Nf6 2. Nf3 e6 3. c4 d5 4. cxd5 exd5 5. Bg5 Bb4+ 6. Nc3 c5 7. a3 Bxc3+ 8. bxc3 Bf5 9. Nh4 Be6 10. e3 h6 11. Bxf6 Qxf6 12. Nf3 c4 13. g3 Nc6 14. Bg2 0-0 15. 0-0 b5 16. Nd2 Qd8 17. a4 b4 18. Nxc4 bxc3 19. Na3 Qa5 20. Nb5 Rfc8 21. Rc1 Ne7 22. Qb3 Rab8 23. Qc2 a6 24. Na3 Rb2 25. Qd1 Bd7 26. e4 Bxa4 27. Qg4 Qb4 28. Ra1 c2 29. exd5 Rc3 30. d6 Qxd6 31. d5 Rxa3 0-1

[Event "Cannes op 26th"]
[Site "Cannes"]
[Date "2014.07.10"]
[Round "6"]
[White "Lafortune, Emerick"]
[Black "Allard, Julien"]
[Result "0-1"]
[WhiteElo "1835"]
[BlackElo "1848"]
[PlyCount "68"]
[EventDate "2014.07.07"]
[EventType "swiss"]
[EventRounds "9"]
[EventCountry "FRA"]
[SourceTitle "EXT 2015"]
[Source "ChessBase"]
[SourceDate "2014.11.20"]
[SourceVersion "1"]
[SourceVersionDate "2014.11.20"]
[SourceQuality "1"]

1. Nf3 c5 2. c4 Nc6 3. Nc3 Nf6 4. g3 d5 5. cxd5 Nxd5 6. Bg2 Nc7 7. d3 e5 8. Nd2 Be6 9. Bxc6+ bxc6 10. Qa4 Qd7 11. Nde4 Nd5 12. Ng5 Bf5 13. f4 f6 14. Nf3 Nxc3 15. bxc3 Bd6 16. fxe5 Bxe5 17. Nxe5 fxe5 18. Be3 0-0 19. 0-0-0 Qd6 20. Qa3 Rfb8 21. Qxc5 Qe6 22. c4 Rb7 23. Kc2 Bg4 24. Rb1 Rxb1 25. Rxb1 Bxe2 26. Kd2 Bxd3 27. Rb7 Bxc4 28. Re7 Qg4 29. Qxe5 Rd8+ 30. Kc2 Qe2+ 31. Kc3 Rd3+ 32. Kb4 a5+ 33. Kxa5 Rd5+ 34. Qxd5+ Bxd5 0-1

[Event "Martinique-ch"]
[Site "Schoelcher"]
[Date "2014.05.24"]
[Round "9"]
[White "Lafortune, Emerick"]
[Black "Verneuil, Pascal"]
[Result "0-1"]
[WhiteElo "1807"]
[BlackElo "2079"]
[PlyCount "110"]
[EventDate "2014.05.17"]
[EventType "tourn"]
[EventRounds "11"]
[EventCountry "FRA"]
[SourceTitle "CBM 160 Extra"]
[Source "ChessBase"]
[SourceDate "2014.07.01"]
[SourceVersion "1"]
[SourceVersionDate "2014.07.01"]
[SourceQuality "1"]

1. Nf3 d5 2. d4 Nf6 3. c4 c6 4. g3 dxc4 5. Bg2 Bf5 6. Ne5 Be4 7. Bxe4 Nxe4 8. Nxc4 Qd5 9. Ne3 Qa5+ 10. Nd2 Nd7 11. 0-0 Ndf6 12. Qc2 Nxd2 13. Bxd2 Qb6 14. Bc3 e6 15. Ng2 Be7 16. e4 0-0 17. Rad1 Rac8 18. Ne3 Rfd8 19. Rd2 Qa6 20. b3 Qb5 21. Rfd1 Qh5 22. Kg2 Qg6 23. f3 h5 24. h4 Rd7 25. Rd3 Bd8 26. Qf2 b5 27. d5 Nxe4 28. fxe4 Qxe4+ 29. Qf3 Qxf3+ 30. Kxf3 cxd5 31. Bd4 a6 32. b4 Be7 33. a3 Rdc7 34. Nf1 f6 35. Ba1 Kf7 36. R3d2 Rc4 37. Ne3 Re4 38. Ng2 Bd6 39. Rd4 Rxd4 40. Bxd4 e5 41. Be3 Ke6 42. Kf2 Rc3 43. Rc1 Rxa3 44. Bc5 Ra2+ 45. Kf1 Bb8 46. Bf8 Ba7 47. Rc7 Rf2+ 48. Kg1 Bd4 49. Rxg7 Rc2+ 50. Kh1 Rc8 51. Re7+ Kf5 52. Bh6 Bf2 53. Kh2 Rc3 54. g4+ Kxg4 55. Re6 Rh3# 0-1

[Event "Martinique-ch"]
[Site "Schoelcher"]
[Date "2014.05.17"]
[Round "2"]
[White "Suez Panama, Gilles"]
[Black "Lafortune, Emerick"]
[Result "1-0"]
[WhiteElo "2063"]
[BlackElo "1807"]
[PlyCount "55"]
[EventDate "2014.05.17"]
[EventType "tourn"]
[EventRounds "11"]
[EventCountry "FRA"]
[SourceTitle "CBM 160 Extra"]
[Source "ChessBase"]
[SourceDate "2014.07.01"]
[SourceVersion "1"]
[SourceVersionDate "2014.07.01"]
[SourceQuality "1"]

1. d4 Nf6 2. Nf3 e6 3. c4 d5 4. Bg5 Bb4+ 5. Nc3 h6 6. Bxf6 Qxf6 7. Qa4+ Nc6 8. Ne5 Bd7 9. Nxd7 Kxd7 10. cxd5 exd5 11. e3 Rhe8 12. Be2 a6 13. 0-0 Bxc3 14. bxc3 b5 15. Qb3 Qd6 16. Bf3 Ne7 17. e4 c6 18. a4 Reb8 19. exd5 Nxd5 20. Rfe1 g6 21. Re5 bxa4 22. Qxa4 Rb5 23. Qc2 Rab8 24. g3 a5 25. c4 Nb4 26. Qe4 Rxe5 27. dxe5 Qe6 28. Bg4 1-0